[Event "GER-chT U12"]
[Site "Magdeburg"]
[Date "2017.12.27"]
[Round "1.3"]
[White "Tugui, David"]
[Black "Reichmann, Felix"]
[Result "0-1"]
[WhiteElo "1168"]
[BlackElo "1596"]
[PlyCount "56"]
[EventDate "2017.12.26"]
[EventType "team-swiss"]
[EventRounds "7"]
[EventCountry "GER"]
[SourceTitle "CBM 182 Extra"]
[Source "ChessBase"]
[SourceDate "2018.02.23"]
[SourceVersion "1"]
[SourceVersionDate "2018.02.23"]
[SourceQuality "1"]
[WhiteTeam "Koeln SF"]
[BlackTeam "Berlin Nord Ost"]
[WhiteTeamCountry "GER"]
[BlackTeamCountry "GER"]

1. e4 c5 2. Nf3 Nc6 3. d4 cxd4 4. Nxd4 g6 5. Nc3 Bg7 6. Be3 Nf6 7. f3 0-0 8. Qd2 d5 9. 0-0-0 Qa5 10. Nb3 Qd8 11. Nxd5 Be6 12. h4 Qc8 13. Kb1 Nxd5 14. exd5 Rd8 15. c4 Bf5+ 16. Ka1 Ne5 17. Rc1 e6 18. g4 Nxf3 19. Qg2 Be4 20. Bd3 Bxd3 21. Qxf3 Bxc4 22. dxe6 Qxe6 23. Nd4 Bxd4 24. Bxd4 Rxd4 25. Qc3 Rad8 26. Rhe1 Qd5 27. Qc2 Bxa2 28. b3 Bxb3 0-1